| 000 | 00446nam a2200157 a 4500 | ||
|---|---|---|---|
| 001 | 000047619 | ||
| 005 | 20210920143156.0 | ||
| 008 | 180705s2017 dr a 000 spa d | ||
| 020 | _a9789945168532 | ||
| 040 |
_aDO-SdBNP _bspa _cBNPHU |
||
| 100 | 1 |
_aKoldo _977978 |
|
| 245 | 0 |
_aCiento veinte días. / _cKoldo Campos Sagaseta. |
|
| 260 |
_aSanto Domingo : _bUnicornio, _c2017. |
||
| 300 |
_a153 p. : _bil. ; _c24 cm. |
||
| 590 | _aInventariado,2018/DG | ||
| 999 |
_c47107 _d47107 |
||